000 00657nam a2200241Ia 4500
003 OSt
005 20220918214028.0
006 a|||||r|||| 00| 0
007 ta
008 220917b |||||||| |||| 00| 0 eng d
024 _a135,581
037 _cTextual
040 _aARTS
_cARTS
_beng
041 _2eng
_aeng
082 _aX425:5:N59<-N09, K3
100 _aLeubuscher Charlotte
_942502
245 0 _aWest African shipping trade 1909-1959
260 _aLeyden
_bA W Sythoff
_c1963
300 _a109p
_ccm.
650 _aECONOMICS
942 _hX425:5:N59<-N09, K3
_cTEXL
_2CC
999 _c258673
_d258673